000 00763cam a2200277 a 4500
001 60637
003 CO-BoRNBP
005 20260302115746.0
007 ta
008 020607s2002 ck gr 000 fdspa
020 _a9588061741
040 _aCO-BoBN
_bspa
_cCO-BoBN
082 0 4 _aCo863.5
_221
_bBON2
084 _aCo863.5
100 1 _aBonnett, Piedad,
_d1951-
_963793
245 1 0 _aDespués de todo /
_cPiedad Bonnett
250 _a1a. edición
300 _a302 p. ;
_c22 cm
336 _2rdacontent
_atexto
_btxt
337 _2rdamedia
_asin mediación
_bn
338 _2rdacarrier
_avolumen
_bnc
490 0 _aAlfaguara
500 _aDatos biográficos de la autora en solapa
650 1 4 _aNovela colombiana
_ySiglo XX
_2LEMB
_9426
942 _2ddc
_cBKLIT
999 _c60637
_d60637